| 000 | 01329cam a2200325 a 4500 | ||
|---|---|---|---|
| 001 | 000015868 | ||
| 005 | 20200929164201.0 | ||
| 008 | 960722s1995 ck b 101 0 spa d | ||
| 020 | _a9589582605 | ||
| 035 | _a(OCoLC)ocm35117700 | ||
| 040 |
_aDO-SdBNP _cIXA _dOCL _dDLC |
||
| 041 | 1 | 7 | _aspaeng |
| 042 | _alccopycat | ||
| 043 | _acl----- | ||
| 082 |
_a100.8 _bT758f |
||
| 111 | 2 |
_aCongreso Interamericano de Filosofía _n(13th : _d1994 : _cUniversidad de los Andes) _935734 |
|
| 245 | 1 | 3 |
_aEl trabajo filosófico de hoy en el Continente : _bactas del XIII Congreso Interamericano de Filosofía, Bogotá, julio 4 al 9 de 1994 / _ceditor ; Carlos B. Gutiérrez,. |
| 260 |
_aBogotá : _bSociedad Interamericana de Filosofía : _bSociedad Colombiana de Filosofía, _c1995. |
||
| 300 |
_a1196 ; _c24 cm. |
||
| 546 | _aEspañol e Inglés. | ||
| 500 | _aCelebrada en la Universidad de los Andes. | ||
| 504 | _aIncluye referncias bibliográfícas ynptas al pie de las páginas. | ||
| 504 | _aIncluye índice. | ||
| 650 | 4 |
_aFilosofía latinoamericana _xCongresos,conferencias, etc. _935735 |
|
| 700 | 1 |
_aGutiérrez A., Carlos B., _d1938- _eed. _935736 |
|
| 710 | 2 |
_aSociedad Interamericana de Filosofia. _935737 |
|
| 710 | 2 |
_aSociedad Colombiana de Filosofia. _935738 |
|
| 910 | _aCatalogación por copia / LC | ||
| 049 | _aBNGR | ||
| 999 |
_c15410 _d15410 |
||